Statistics for Photo Quiz: European Musical Acts 60's/70's (non-UK/Ireland)

Click here to take the quiz!

General Stats

  • This quiz has been taken 92 times
  • The average score is 5 of 20

Answer Stats

Answer% Correct
Abba
100%
Singing Nun (Sœur Sourire)
50%
Charles Aznavour
39%
Kraftwerk
39%
Demis Roussos
36%
Nana Mouskouri
33%
Nico
27%
Sacha Distel
27%
Johnny Hallyday
26%
Baccara
21%
Golden Earring
21%
Focus
20%
James Last
19%
Shocking Blue
16%
Middle Of The Road
13%
Amon Düül
7%
Teach-In
7%
Los Bravos
4%
Q65
3%
Ricchi e Poveri
3%

Score Distribution

Percentile by Number Answered

Percent of People with Each Score

Your Score History

You have not taken this quiz